<?xml version="1.0" encoding="UTF-8"?>
<marc:record xmlns:marc="http://www.loc.gov/MARC21/slim">
   <marc:leader>00000nam a2200000 a 4500</marc:leader>
   <marc:datafield ind1="1" ind2=" " tag="100">
      <marc:subfield code="a">Dahlke, Ruediger</marc:subfield>
      <marc:subfield code="4">aut</marc:subfield>
      <marc:subfield code="e">Verfasser/-in</marc:subfield>
   </marc:datafield>
   <marc:datafield ind1=" " ind2=" " tag="653">
      <marc:subfield code="a">Fasten</marc:subfield>
   </marc:datafield>
   <marc:datafield ind1=" " ind2=" " tag="653">
      <marc:subfield code="a">Reinigung</marc:subfield>
   </marc:datafield>
   <marc:datafield ind1="0" ind2="0" tag="245">
      <marc:subfield code="a">Bewusst Fasten</marc:subfield>
   </marc:datafield>
   <marc:datafield ind1="0" ind2="0" tag="245">
      <marc:subfield code="b">Ein Wegweiser zu neuen Erfahrungen</marc:subfield>
   </marc:datafield>
   <marc:datafield ind1=" " ind2="1" tag="264">
      <marc:subfield code="b">btb</marc:subfield>
      <marc:subfield code="c">1996</marc:subfield>
   </marc:datafield>
   <marc:datafield ind1="1" ind2=" " tag="520">
      <marc:subfield code="a">Fasten kann mehr sein als eine Reinigung und Entschlackung des Körpers. Es kann darüber hinaus zum wirklichen Jungbrunnen für Geist und Seele werden. Dazu bedarf es allerdings der richtigen Einstellung und einer qualifizierten Anleitung. Der Autor dieses Buches schöpft aus dem reichhaltigen Schatz seiner jahrzehntelangen Erfahrungen als Arzt und Therapeut. Er schenkt der psychologischen Seite der Fastenkur besondere Aufmerksamkeit. Alle Rezepte, Meditationsübungen und Ratschläge wurden in vielen Fasten-Seminaren Rüdiger Dahlkes erprobt und können mit Hilfe dieses Buches problemlos praktiziert werden.</marc:subfield>
   </marc:datafield>
   <marc:datafield ind1="3" ind2=" " tag="024">
      <marc:subfield code="a">9783442139002</marc:subfield>
   </marc:datafield>
</marc:record>
